Pounder's Marine diesel engines / (Record no. 3341)

000 -LEADER
fixed length control field 05082cam a2200529 a 4500
006 - FIXED-LENGTH DATA ELEMENTS--ADDITIONAL MATERIAL CHARACTERISTICS--GENERAL INFORMATION
fixed length control field m o d
007 - PHYSICAL DESCRIPTION FIXED FIELD--GENERAL INFORMATION
fixed length control field cr bn||||||abp
007 - PHYSICAL DESCRIPTION FIXED FIELD--GENERAL INFORMATION
fixed length control field cr bn||||||ada
008 - FIXED-LENGTH DATA ELEMENTS--GENERAL INFORMATION
fixed length control field 100317s1984 enka ob 001 0 eng d
020 ## - INTERNATIONAL STANDARD BOOK NUMBER
International Standard Book Number 9781483102580
Qualifying information (e-book)
020 ## - INTERNATIONAL STANDARD BOOK NUMBER
International Standard Book Number 1483102580
040 ## - CATALOGING SOURCE
Original cataloging agency IMU Kochi Library
Language of cataloging eng
041 0# - LANGUAGE CODE
Language code of text/sound track or separate title eng
082 04 - DEWEY DECIMAL CLASSIFICATION NUMBER
Classification number 623.8/7236
Edition number 19
100 1# - MAIN ENTRY--PERSONAL NAME
Personal name Pounder, C. Coulson
Fuller form of name (Cuthbert Coulson)
240 10 - UNIFORM TITLE
Uniform title <a href="Marine diesel engines">Marine diesel engines</a>
245 10 - TITLE STATEMENT
Title Pounder's Marine diesel engines /
250 ## - EDITION STATEMENT
Edition statement 6th ed.
260 ## - PUBLICATION, DISTRIBUTION, ETC. (IMPRINT)
Place of publication, distribution, etc London ;
-- Boston :
Name of publisher, distributor, etc Butterworths,
Date of publication, distribution, etc 1984.
300 ## - PHYSICAL DESCRIPTION
Extent 1 online resource (576 pages) :
Other physical details illustrations
490 1# - SERIES STATEMENT
Series statement Marine engineering series
504 ## - BIBLIOGRAPHY, ETC. NOTE
Bibliography, etc Includes bibliographical references and index.
505 0# - FORMATTED CONTENTS NOTE
Formatted contents note Front Cover; Pounder's Marine Diesel Engines; Copyright Page; Preface; Acknowledgements; Table of Contents; Chapter 1. Theory and general principles; THEORETICAL HEAT CYCLE; PRACTICAL CYCLES; EFFICIENCY; THERMAL EFFICIENCY; MECHANICAL EFFICIENCY; WORKING CYCLES; HORSEPOWER; TORQUE; MEAN PISTON SPEED; FUEL CONSUMPTION IN 24 HOURS; VIBRATION; BALANCING; NOISE; Chapter 2. Engine selection; DIRECT DRIVE; INDIRECT DRIVE; Chapter 3. Performance; MAXIMUM RATING; EXHAUST TEMPERATURES; DERATING; MEAN EFFECTIVE PRESSURES; PROPELLER SLIP; PROPELLER LAW; FUEL COEFFICIENT; ADMIRALTY CONSTANT
505 8# - FORMATTED CONTENTS NOTE
Formatted contents note APPARENT PROPELLER SLIPPROPELLER PERFORMANCE; POWER BUILD-UP; TRAILING AND LOCKING OF PROPELLER; ASTERN RUNNING; Chapter 4. Pressure charging; FOUR-STROKE ENGINES; TWO-STROKE ENGINES; CHARGE AIR COOLING; SCAVENGING; MATCHING OF TURBOBLOWERS; BLOWER SURGE; TURBOCHARGER TYPES; CONSTANT PRESSURE METHOD; IMPULSE TURBOCHARGING METHOD; PULSE CONVERTER METHOD; MULTI-PULSE METHOD; RECENT DEVELOPMENTS; Chapter 5. Fuel injection; INJECTION AND COMBUSTION; INJECTOR; FUEL LINE; PUMP; Chapter 6. Sulzer engines; RL TYPE ENGINES; RTA TYPE ENGINES; FUEL PUMPS; SULZER RTA SLOW SPEED ENGINE
505 8# - FORMATTED CONTENTS NOTE
Formatted contents note Chapter 7. Burmeister and Wain enginesK-GF TYPE ENGINES; L-GF AND L-GB ENGINES; L-GB TYPE ENGINES; L-MC TYPE ENGINES; LATEST K-MC and L-MC TYPE ENGINES; Chapter 8. MAN engines; DESIGN PARTICULARS; ELECTRONIC INJECTION; Chapter 9. Mitsubishi engines; UEC-LA SERIES; Chapter 10. GMT engines; DESIGN OF THE 'B' SERIES ENGINE; Chapter 11. Doxford engines; DOXFORD J-TYPE; THE 58JS3C ENGINE; Chapter 12. G�otaverken engines; ENGINE STRUCTURE; Chapter 13. Medium-speed engines; GENERAL; DIESEL-ELECTRIC; Chapter 14. SEMT Pielstick engines; Chapter 15. MAN four-stroke engines; THE 32/36 ENGINE
505 8# - FORMATTED CONTENTS NOTE
Formatted contents note THE 40/45 ENGINETHE 52/52 ENGINE; Chapter 16. Stork Werkspoor engines; Chapter 17. Sulzer four-stroke engines; Chapter 18. GMT engines; Chapter 19. MaK engines; DESIGN; ENGINES WITH A BORE OF 320 MM; ENGINE WITH A BORE OF 450 MM; ENGINES WITH A BORE OF 580 MM; MaK DIESEL ENGINES M35; Chapter 20. Deutz engines; Chapter 21. Mirrlees Blackstone engines; Chapter 22. The rest of the field; JAPANESE DESIGNS; OTHER JAPANESE TYPES; EUROPEAN DESIGNS; US DESIGNS; Chapter 23. High-speed engines and auxiliaries; PRINCIPLES; AUXILIARIES; HIGH-SPEED ENGINES; OTHER FOUR-STROKE ENGINES; TWO-STROKE ENGINES
505 8# - FORMATTED CONTENTS NOTE
Formatted contents note JAPANESE DESIGNSUS DESIGNS; HIGHER SPEED ENGINES; Chapter 24. Fuels and fuel chemistry; PROBLEMS WITH HEAVY FUELS; PROPERTIES OF FUEL OIL; Chapter 25. Operation, monitoring and maintenance; OPERATION; MONITORING; OVERHAULING AND MAINTENANCE; Chapter 26. Significant operating problems; TORSIONAL VIBRATION (TV); CRANKCASE EXPLOSIONS; FIRE; FATIGUE; FRETTING; SEIZURES; BOLTS AND BOLTED JOINTS; CRANKSHAFT ALIGNMENT; MAIN ENGINE CRANKSHAFT DEFECTS; CHAINS; BEARINGS; EXCESS OIL CONSUMPTION; LUBRICATING OIL FLOW; DEWPOINT AND CORROSION; COOLING SYSTEMS; MICROBIAL DEGRADATION; EMERGENCY REPAIRS
520 ## - SUMMARY, ETC.
Summary, etc Pounder's Marine Diesel Engines, Sixth Edition focuses on developments in diesel engines. The book first discusses theory and general principles. Theoretical heat cycle, practical cycles, thermal and mechanical efficiency, working cycles, fuel consumption, vibration, and horsepower are considered. The text takes a look at engine selection and performance, including direct and indirect drive, maximum rating, exhaust temperatures, derating, mean effective pressures, fuel coefficient, propeller performance, and power build-up. The book also examines pressure charging. Matching of turboblowers, bl.
546 ## - LANGUAGE NOTE
Language note English.
650 #0 - SUBJECT ADDED ENTRY--TOPICAL TERM
Topical term or geographic name as entry element Marine diesel motors.
650 #6 - SUBJECT ADDED ENTRY--TOPICAL TERM
Topical term or geographic name as entry element Moteurs diesel marins.
650 #7 - SUBJECT ADDED ENTRY--TOPICAL TERM
Topical term or geographic name as entry element Marine diesel motors.
Source of heading or term fast
700 1# - ADDED ENTRY--PERSONAL NAME
Personal name Wilbur, C. T.
Fuller form of name (Christopher T.)
700 1# - ADDED ENTRY--PERSONAL NAME
Personal name Wight, D. A.
Fuller form of name (Donald Alexander)
830 #0 - SERIES ADDED ENTRY--UNIFORM TITLE
Uniform title Marine engineering series.
852 ## - LOCATION/CALL NUMBER
Location IMU Kochi Library
856 ## - ELECTRONIC LOCATION AND ACCESS
Uniform Resource Identifier <a href="https://www.sciencedirect.com/science/book/9780408011365">https://www.sciencedirect.com/science/book/9780408011365</a>
904 ## - LOCAL DATA ELEMENT D, LDD (RLIN)
CATALOGER Rudra Ranjan
905 ## - LOCAL DATA ELEMENT E, LDE (RLIN)
VERIFIER Rudra Ranjan
942 ## - ADDED ENTRY ELEMENTS (KOHA)
Item type E-Book
338 ## -
-- online resource
650 #6 - SUBJECT ADDED ENTRY--TOPICAL TERM
-- (CaQQLa)201-0093897
650 #7 - SUBJECT ADDED ENTRY--TOPICAL TERM
-- (OCoLC)fst01009488

No items available.



Copyright © All Rights Reserved by Indian Maritime University, Kochi Campus.
For any Suggestions/Query Contact to library or Email: library.kochi@imu.ac.in Ph:(0484)-2989402
(Web OPAC Designed by Rudra Ranjan. Maintained by IMU Kochi Library)

Powered by Koha